00390nam a2200145Ia 4500008004100000020001500041041000800056082001700064100003700081245002500118250000600143260004400149300001100193650004000204210716s2011 xx 000 0 und d a8172242700 aeng a658.406 BLAR aBlake, Robert R; Mouton, Jane S. aNew managerial grid. a1 aNew DelhibJaico Publishing Housec2011 aix,374 aOrganizational Development & Change